| 000 | 00432nam a22001697a 4500 | ||
|---|---|---|---|
| 999 |
_c523822 _d523822 |
||
| 003 | NUST | ||
| 038 | _awaseem | ||
| 082 |
_a305.4 _bALI |
||
| 100 |
_aAli, Mubhrak _914591 |
||
| 245 |
_aTarikh Aur Aurat / _cMubhrak Ali |
||
| 260 |
_aLahore : _bFiction House, _c1993. |
||
| 300 | _a104 p. ; | ||
| 500 | _aHardcover. | ||
| 880 |
_6100-02\r _aمبارک علی |
||
| 880 |
_6245-02\r _aتاریخ اور عورت / |
||
| 942 |
_2ddc _cBK |
||